书目信息 |
| 题名: |
人性的优点
|
|
| 作者: | 卡耐基 著 ;巫和雄 , 郑思洁 译 | |
| 分册: | ||
| 出版信息: | 北京 红旗出版社 2017 |
|
| 页数: | 321页 | |
| 开本: | 21cm | |
| 丛书名: | ||
| 单 册: | ||
| 中图分类: | B848.4-49 | |
| 科图分类: | ||
| 主题词: | 成功心理--通俗读物 | |
| 电子资源: | ||
| ISBN: | 978-7-5051-4187-2 | |
| 000 | 00922nam0 2200265 450 | |
| 001 | 5652 | |
| 005 | 20180528214008.12 | |
| 010 | @a978-7-5051-4187-2@b精装@dCNY58.00 | |
| 100 | @a20170905d2017 em y0chiy50 ea | |
| 101 | 1 | @achi@ceng |
| 102 | @aCN@b110000 | |
| 105 | @ay z 000yy | |
| 200 | 1 | @a人性的优点@9ren xing de you dian@dThe advantages of human nature@zeng@f(美)戴尔·卡耐基著@g巫和雄,郑思洁译 |
| 210 | @a北京@c红旗出版社@d2017 | |
| 215 | @a321页@d21cm | |
| 300 | @a新版 | |
| 330 | @a本书共分为九个部分,主要内容包括:认识焦虑、分析焦虑的基本方法、调整心态的7种方法、征服焦虑的黄金法则等。 | |
| 510 | 1 | @aAdvantages of human nature@zeng |
| 606 | 0 | @a成功心理@j通俗读物 |
| 690 | @aB848.4-49@v5 | |
| 701 | 0 | @c(美)@a卡耐基@9ka nai ji@c(Carnegie, Dale)@4著 |
| 702 | 0 | @a巫和雄@9wu he xiong@4译 |
| 702 | 0 | @a郑思洁@9zheng si jie@4译 |
| 801 | 0 | @aCN@b91MARC@c20170905 |
| 905 | @aMuseLib@dB848.4@e1936 | |
| 人性的优点=The advantages of human nature/(美)戴尔·卡耐基著/巫和雄,郑思洁译.-北京:红旗出版社,2017 |
| 321页;21cm |
| 新版 |
| ISBN 978-7-5051-4187-2(精装):CNY58.00 |
| 本书共分为九个部分,主要内容包括:认识焦虑、分析焦虑的基本方法、调整心态的7种方法、征服焦虑的黄金法则等。 |
| ● |
| 相关链接 |
|
|
|
|
正题名:人性的优点
索取号:B848.4/1936
 
预约/预借
| 序号 | 登录号 | 条形码 | 馆藏地/架位号 | 状态 | 备注 |
| 1 | 1114156 | 211141566 | 第一借阅区/ [索取号:B848.4/1936] | 在馆 | |
| 2 | 1114157 | 211141575 | 教育系资料室/ [索取号:B848.4/1936] | 在馆 | |
| 3 | 1114158 | 211141584 | 教育系资料室/ [索取号:B848.4/1936] | 在馆 | |
| 4 | 1114159 | 211141593 | 教育系资料室/ [索取号:B848.4/1936] | 在馆 | |
| 5 | 1114160 | 211141600 | 第一借阅区/ [索取号:B848.4/1936] | 在馆 | |
| 6 | 1114161 | 211141619 | 第一借阅区/ [索取号:B848.4/1936] | 在馆 | |
| 7 | 996090 | 209960906 | 第一样本阅览室/ [索取号:B848.4/1936] | 在馆 | |
| 8 | 996091 | 209960915 | 密集书库-史法系/ [索取号:B848.4/1936] | 在馆 | |
| 9 | 996092 | 209960924 | 第一借阅区/ [索取号:B848.4/1936] | 在馆 | |
| 10 | 996093 | 209960933 | 第一借阅区/ [索取号:B848.4/1936] | 在馆 | |
| 11 | 996094 | 209960942 | 第一借阅区/ [索取号:B848.4/1936] | 在馆 | |
| 12 | 996095 | 209960951 | 第一借阅区/ [索取号:B848.4/1936] | 在馆 |